100 women 100 styles : the women who changed the way we look
| Main Author: | |
|---|---|
| Format: | Book |
| Published: |
London :
Laurence King Publishing Ltd ,
2019
|
| Subjects: |
MARC
| LEADER | 00000cam a2200000 7i4500 | ||
|---|---|---|---|
| 001 | 0000278124 | ||
| 005 | 20201222164307.0 | ||
| 020 | |a 9781786274854 | ||
| 090 | 0 | 0 | |a 391.2 |b BLA |
| 100 | 1 | |a Blanchard, Tamsin | |
| 245 | 1 | 0 | |a 100 women 100 styles : |b the women who changed the way we look |c Tamsin Blanchard |
| 260 | |a London : |b Laurence King Publishing Ltd , |c 2019 | ||
| 300 | |a 232p. ; |c 22cm. | ||
| 650 | 0 | |a Fashion | |
| 650 | 0 | |a Women's clothing | |
| 999 | |a 00384653 |b BUKU |c PINJAMAN |e PERPUSTAKAAN KOMUNITI CAW BANDAR UTAMA | ||